Financial organization and management of business

Gespeichert in:
Bibliographische Detailangaben
1. Verfasser: Gerstenberg, Charles W (VerfasserIn)
Format: Buch
Sprache:Englisch
Veröffentlicht: Englewood Cliffs Prentice-Hall 1951
Ausgabe:4a. ed
Schlagworte:
Tags: Tag hinzufügen
Keine Tags, Fügen Sie den ersten Tag hinzu!

MARC

LEADER 00000nam a2200000 a 4500
001 UCU7117
003 CL-VaPUC
008 960628e19510000us |||||||||||||||||eng|d
082 0 4 |a 658.15  |b GER  |2 21 
100 0 |a Gerstenberg, Charles W  |e author  |9 365656 
245 1 0 |a Financial organization and management of business 
250 |a 4a. ed 
300 |a 624 p 
942 |c BK 
945 |d 19960628 00:00:00  |a cmena 
260 |a Englewood Cliffs  |b Prentice-Hall  |c 1951 
650 0 |a Administración de empresas   |9 260833 
650 0 |a Gestión de la producción   |9 259467 
650 0 |a Administración financiera  |9 261146 
583 |a last modification  |c 20150428 10:43:46  |k Rodrigo Vera 
999 |c 249813  |d 249811 
952 |0 0  |1 0  |4 0  |6 658_150000000000000_GER_1951  |7 0  |8 A  |9 267343  |a BIBING  |b BIBING  |d 2019-11-19  |i 1694642  |o 658.15 GER 1951  |p 1694642  |r 2025-01-20  |w 2019-11-19  |y BK  |k EII